Größte Städte der Schweiz - Statistiken

Allgemein
  • Dieses Quiz wurde 115 mal gespielt
  • Das Durchschnittsergebnis liegt bei 9 aus 10
Antworten auf der Karte
Die Antworten werden auf der Karte rot bzw. grün angezeigt, abhängig davon wie oft sie richtig erraten wurden.
 
Antwortstatistiken
Population Stadt % Korrekt
133,833 Bern
100%
415,367 Zürich
99%
172,258 Basel
98%
201,818 Genf
98%
139,111 Lausanne
96%
81,691 Luzern
91%
75,833 St. Gallen
87%
111,851 Winterthur
86%
63,185 Lugano
82%
55,159 Biel
67%
Keine übereinstimmenden Quizze gefunden
Verteilung der Resultate
Anzahl Personen mit jedem Resultat
Perzentil nach korrekt beantworteten Fragen
Ihre Resultats-Entwicklung
Sie haben dieses Quiz noch nicht gespielt